Panic! At The Disco Discography - Statistics

General Stats
  • This quiz has been taken 96 times
  • The average score is 51 of 70
Answer Stats
Album Song % Correct
Death Of A Bachelor Death Of A Bachelor
93%
Pretty. Odd. Nine In The Afternoon
91%
Too Weird To Live, Too Rare To Die! This Is Gospel
91%
Vices & Virtues The Ballad Of Mona Lisa
90%
Pray For The Wicked High Hopes
87%
Death Of A Bachelor House Of Memories
87%
A Fever You Can't Sweat Out I Write Sins Not Tragedies
87%
Too Weird To Live, Too Rare To Die! Miss Jackson
86%
Death Of A Bachelor Victorious
86%
Too Weird To Live, Too Rare To Die! Girls / Girls / Boys
84%
Too Weird To Live, Too Rare To Die! Nicotine
84%
Vices & Virtues Hurricane
83%
A Fever You Can't Sweat Out Lying Is The Most Fun A Girl Can Have Without Taking Her Clothes Off
81%
Death Of A Bachelor Don't Threaten Me With A Good Time
80%
Death Of A Bachelor Emperor's New Clothes
80%
Death Of A Bachelor LA Devotee
80%
Vices & Virtues Sarah Smiles
80%
A Fever You Can't Sweat Out Camisado
78%
Death Of A Bachelor Golden Days
78%
Pray For The Wicked Hey Look Ma, I Made It
78%
Vices & Virtues Let's Kill Tonight
78%
Pretty. Odd. Northern Downpour
78%
A Fever You Can't Sweat Out But It's Better If You Do
77%
Death Of A Bachelor Hallelujah
77%
Vices & Virtues Memories
77%
Too Weird To Live, Too Rare To Die! Vegas Lights
77%
A Fever You Can't Sweat Out Build God, Then We'll Talk
75%
Pray For The Wicked King Of The Clouds
75%
Vices & Virtues Nearly Witches [Ever Since We Met...]
75%
Pray For The Wicked Roaring 20s
75%
Death Of A Bachelor Crazy=Genius
74%
Pray For The Wicked Dying In LA
74%
Pray For The Wicked Say Amen (Saturday Night)
74%
A Fever You Can't Sweat Out Intermission
72%
A Fever You Can't Sweat Out Nails for Breakfast, Tacks For Snacks
72%
Pray For The Wicked The Overpass
72%
Too Weird To Live, Too Rare To Die! Collar Full
71%
Pray For The Wicked (Fuck A) Silver Lining
71%
Death Of A Bachelor Impossible Year
71%
A Fever You Can't Sweat Out Introduction
71%
Death Of A Bachelor The Good, The Bad And The Dirty
71%
A Fever You Can't Sweat Out Time To Dance
71%
Vices & Virtues Trade Mistakes
71%
A Fever You Can't Sweat Out I Constantly Thank God For Esteban
70%
Pretty. Odd. Mad As Rabbits
70%
Pray For The Wicked One Of The Drunks
70%
Vices & Virtues The Calendar
70%
Vices & Virtues Always
68%
Too Weird To Live, Too Rare To Die! Far Too Young to Die
68%
Too Weird To Live, Too Rare To Die! Girl That You Love
68%
Pretty. Odd. When The Day Met The Night
68%
Pretty. Odd. Behind The Sea
67%
Too Weird To Live, Too Rare To Die! Casual Affair
67%
Vices & Virtues Ready to Go [Get Me Out Of My Mind]
67%
A Fever You Can't Sweat Out The Only Difference Between Martyrdom and Suicide is Press Coverage
67%
Pray For The Wicked Old Fashioned
65%
Pretty. Odd. She's A Handsome Woman
65%
Pretty. Odd. We're So Starving
65%
Pretty. Odd. Pas De Cheval
64%
Pretty. Odd. That Green Gentleman (Things Have Changed)
64%
Too Weird To Live, Too Rare To Die! The End of All Things
64%
Pray For The Wicked Dancing's Not A Crime
62%
Pretty. Odd. She Had The World
61%
A Fever You Can't Sweat Out There's A Good Reason These Tables Are Numbered Honey, You Just Haven't Thought Of It Yet
61%
Pretty. Odd. Folkin' Around
58%
A Fever You Can't Sweat Out London Beckoned Songs About Money Written By Machines
58%
Pretty. Odd. The Piano Knows Something I Don't Know
57%
Pretty. Odd. I Have Friends In Holy Spaces
55%
Pretty. Odd. Do You Know What I'm Seeing?
54%
Pretty. Odd. From A Mountain In The Middle Of The Cabins
51%
No matching quizzes found
Score Distribution
Percent of People with Each Score
Percentile by Number Answered
Your Score History
You have not taken this quiz